000 02114nam a2200481 c 4500
003 BLK
005 20250517111907.0
008 180411b bul|||||r ||||||| ||bul||
010 _aKNG00184186000
020 _a978-619-195-068-3
_bиздат.: Книгомания
040 _aBLK
041 _aBUL
_cBUL
072 7 _2bullib
_aН84
_xБългарска художествена литература Н
080 _aБългарска литература
_b821.163.2
_x-4
_z821.163.2-4
080 _aИстория на България
_b94(497.2)
_x(092)(0:82-4)
_z94(497.2)(092)(0:82-4)
080 _aПолитика. Вж и 341 ; 342
_b32
_x(497.2)(092)(0:82-4)
_z32(497.2)(092)(0:82-4)
080 _aБиографии
_b929
_x(497.2)
_z929(497.2)
100 1 _aМитев, Венелин Иванов
_eпърви автор
_9322549
139 _aМитев, Венелин Иванов
_bМ 70
245 1 0 _aГолемите любови на български царе, министри и авантюристи
_cВенелин Иванов Митев.
257 _aBGR
260 София
_bКнигомания
_c2015
_fСофия : Арт Лайн Принт Хаус
300 _a472 с.
_c21 см
380 _aX
500 _aСъдържа и за авт. - Библиогр. с. 468-471.
650 4 _aЦаре, български
_9248628
650 4 _aПолитици, български - биографии
_9250984
650 4 _aПрочути личности - България - биографии
_9334936
650 4 _aАвантюристи, български
_9340233
651 4 _aБългария
_9241624
653 _aцаре
653 _aбългарски владетели
653 _aполитици
653 _aавантюристи
653 _aпрочути личности
659 _aН
852 _aЦб 277714
856 4 _qpdf
_u
856 4 _qpdf
_u
942 _cKNG
_n0
_021
944 _aCR
_c28.10.2015
_lРусанова Ирена
_k30542
944 _aED
_c20.09.2016
_lф /
_kПенка_Димитрова
999 _c175592
_d175592